000 01063cam a22002537i 4500
001 20794601
003 OSt
005 20250801145710.0
008 181211t2019 ck a gr 000 j spa
010 _a 2018483816
020 _a9789584277626
035 _a(SP-BaPL)pu180661221
040 _aCO-JMCR
_cCO-JMCR
041 _aspa
082 _aJ-C
_bNDJt
100 1 _aNdjocu, César Brandon,
_eautor
_935
245 1 0 _aToda la felicidad del universo /
_cCésar Brandon Ndjocu.
260 _aBogotá :
_bEspasa,
_c©2019
300 _a253 páginas :
_bilustraciones ;
_c19 cm.
490 0 _aEspasa es poesía
520 _a¡Ahora que tengo tu atención! Érase una vez, en un pueblo muy lejano, un niño al que le encantaba contar historias. Érase una vez un niño al que le dijeron que no le dijeron que no podía ser escritor. Érase una vez un niño que lo consiguió. Érase una vez este libro. Érase una vez YO. Hay estrellas que piden atención para ser escuchadas. Sino para escuchar.
650 _aCuentos cortos
_936
942 _2ddc
_cBK
999 _c6400
_d6400